British Birds by Letter - W - Statistics

General Stats
  • This quiz has been taken 10 times
    9 since last reset
  • The average score is 15 of 18
Answer Stats
Picture Hint Answer % Correct
Dryobates minor (Lesser Spotted) Woodpecker
100%
Rallus aquaticus Water Rail
100%
Bombycilla garrulus Waxwing
100%
Oenanthe oenanthe Wheatear
100%
Numenius phaeopus Whimbrel
100%
Cygnus cygnus Whooper Swan
100%
Mareca penelope Wigeon
100%
Lullula arborea Woodlark
100%
Columba palumbus Woodpigeon
100%
Jynx torquilla Wryneck
100%
Saxicola rubetra Whinchat
80%
Curruca communis Whitethroat
80%
Poecile montanus Willow Tit
80%
Cardellina pusilla Wilson's Warbler
80%
Scolopax rusticola Woodcock
80%
Chlidonias hybrida Whiskered Tern
60%
Anser albifrons White-Fronted Goose
60%
Melanitta deglandi White-Winged Scoter
20%
No matching quizzes found
Score Distribution
Percent of People with Each Score
Percentile by Number Answered
Your Score History
You have not taken this quiz since the last reset